Hockly's insolvency law / (Record no. 8)

MARC details
000 -LEADER
fixed length control field 00666cam a2200241 a 4500
005 - DATE AND TIME OF INPUT
control field 20230917094237.0
008 - DATA ELEMENTS--GENERAL INFORMATION
fixed length control field 100106s2006 sa 001 0 eng
020 ## - INTERNATIONAL STANDARD BOOK NUMBER
International Standard Book Number 9780702198663
082 ## - SHELF NUMBER
DDC number 346.7
100 1# - MAIN AUTHOR
Main author's name Sharrock, Robert.
245 10 - TITLE STATEMENT
Title Hockly's insolvency law /
Statement of responsibility, etc. Robert Sharrock, Kathleen van der Linde, Alastair Smith.
246 30 - TITLE OF BOOK (CHAPTERS)
Title of Chapter Insolvency law
250 ## - EDITION STATEMENT
Edition statement 9th ed.
260 ## - PUBLICATION, DISTRIBUTION, ETC.
Place of publication, distribution, etc. Cape Town :
Name of publisher, distributor, etc. Juta,
Date of publication, distribution, etc. 2012
300 ## - PHYSICAL DESCRIPTION
Dimensions 25 cm.
500 ## - GENERAL NOTE
General note Includes index.
650 #0 - SUBJECT`
Broad subject Bankruptcy
650 #0 - SUBJECT`
Broad subject Composition (Law)
650 #0 - SUBJECT`
Broad subject Liquidation
700 1# - OTHER AUTHORS
Other authors' name Van der Linde, Kathleen.
700 1# - OTHER AUTHORS
Other authors' name Smith, Alastair,
942 ## - ADDED ENTRY ELEMENTS (KOHA)
Item type Books
942 ## - ADDED ENTRY ELEMENTS (KOHA)
-- EMILLIE
Holdings
Source of classification or shelving scheme Not for loan Home library Current library Shelving location Date acquired Full call number Barcode Price effective from Koha item type
Dewey Decimal Classification   LAW SOCIETY OF NAMIBIA LIBRARY - WINDHOEK LAW SOCIETY OF NAMIBIA LIBRARY - WINDHOEK INSOLVENCY AND INSURANCE 09/17/2023 346.7 HOC LSN/2022/36 09/17/2023 Books